000 00554nam a2200229Ia 4500
003 OSt
005 20220918183323.0
006 a|||||r|||| 00| 0
007 ta
008 220917b |||||||| |||| 00| 0 eng d
024 _a37,320
037 _cTextual
040 _aARTS
_cARTS
_beng
041 _2eng
_aeng
082 _aO13:1D30:1, 111J3
100 _aHomer
245 0 _aIiad tr by E V Rieu
260 _c1953
650 _aENGLISH LITERATURE
942 _hO13:1D30:1, 111J3
_cTEXL
_2CC
999 _c172231
_d172231